000 00351nam a2200133Ia 4500
005 20260328104320.0
008 260328s9999||||xx |||||||||||||| ||und||
100 _aSamper, Eduardo
245 0 _aLa Ciudad Hispanoamericana , el sueƱo de un Orden. /
_cEduardo Samper
260 _bDiego Samper
300 _a154 p.
650 _aCOLOMBIA
942 _cBK
999 _c11319
_d11319